<?xml version="1.0" encoding="UTF-8"?>
<record
    xmlns:xsi="http://www.w3.org/2001/XMLSchema-instance"
    xsi:schemaLocation="http://www.loc.gov/MARC21/slim http://www.loc.gov/standards/marcxml/schema/MARC21slim.xsd"
    xmlns="http://www.loc.gov/MARC21/slim">

  <leader>01604nam a2200445   4500</leader>
  <controlfield tag="001">00000000014623</controlfield>
  <controlfield tag="003">Eima</controlfield>
  <controlfield tag="005">20251031094330.0</controlfield>
  <controlfield tag="007">cr |||||||||||</controlfield>
  <controlfield tag="008">120109s2013    sp     a f d  0   0 baq d</controlfield>
  <datafield tag="027" ind1=" " ind2=" ">
    <subfield code="a">31250</subfield>
  </datafield>
  <datafield tag="035" ind1=" " ind2=" ">
    <subfield code="a">05906</subfield>
  </datafield>
  <datafield tag="040" ind1=" " ind2=" ">
    <subfield code="a">EIMA Katalogoa</subfield>
    <subfield code="b">baq</subfield>
    <subfield code="c">EIMA Katalogoa</subfield>
  </datafield>
  <datafield tag="080" ind1=" " ind2=" ">
    <subfield code="a">373.2(075.3)(0.034)</subfield>
  </datafield>
  <datafield tag="100" ind1=" " ind2=" ">
    <subfield code="a">Olaizola, Itxaso</subfield>
    <subfield code="9">29755</subfield>
  </datafield>
  <datafield tag="245" ind1="1" ind2="0">
    <subfield code="a"> Dolua nola landu Haur Hezkuntzan</subfield>
    <subfield code="h">[Interneteko baliabidea]</subfield>
    <subfield code="c">/  Itxaso Olaizola eta Agurtzane Okina</subfield>
  </datafield>
  <datafield tag="246" ind1=" " ind2=" ">
    <subfield code="a">Haur Hezkuntzan dolua lantzeko protokoloa</subfield>
  </datafield>
  <datafield tag="260" ind1=" " ind2=" ">
    <subfield code="a">Gasteiz :</subfield>
    <subfield code="b">Irale,</subfield>
    <subfield code="c">2013</subfield>
  </datafield>
  <datafield tag="300" ind1=" " ind2=" ">
    <subfield code="a">Bideo :</subfield>
    <subfield code="b"> : PDF</subfield>
  </datafield>
  <datafield tag="500" ind1=" " ind2=" ">
    <subfield code="a">2013/02/05</subfield>
  </datafield>
  <datafield tag="521" ind1=" " ind2=" ">
    <subfield code="a">Haur Hezkuntza</subfield>
  </datafield>
  <datafield tag="650" ind1=" " ind2="4">
    <subfield code="9">1660</subfield>
    <subfield code="a"> Heriotza</subfield>
  </datafield>
  <datafield tag="650" ind1=" " ind2="0">
    <subfield code="9">41356</subfield>
    <subfield code="a">Dolua</subfield>
  </datafield>
  <datafield tag="655" ind1=" " ind2=" ">
    <subfield code="9">42108</subfield>
    <subfield code="a">EIMAk onetsitako materialak</subfield>
  </datafield>
  <datafield tag="655" ind1=" " ind2=" ">
    <subfield code="9">42158</subfield>
    <subfield code="a">IRALEren materialak</subfield>
  </datafield>
  <datafield tag="655" ind1=" " ind2=" ">
    <subfield code="9">42159</subfield>
    <subfield code="a">Curriculumeko baliabideak</subfield>
  </datafield>
  <datafield tag="655" ind1=" " ind2="0">
    <subfield code="a">Baliabide digitalak</subfield>
    <subfield code="9">47236</subfield>
  </datafield>
  <datafield tag="700" ind1=" " ind2=" ">
    <subfield code="a"> Okina, Agurtzane</subfield>
    <subfield code="9">29757</subfield>
  </datafield>
  <datafield tag="710" ind1=" " ind2=" ">
    <subfield code="a">IRALE (Gasteiz)</subfield>
    <subfield code="9">52218</subfield>
  </datafield>
  <datafield tag="730" ind1=" " ind2=" ">
    <subfield code="a">R300</subfield>
    <subfield code="9">51912</subfield>
  </datafield>
  <datafield tag="830" ind1=" " ind2=" ">
    <subfield code="9">51912</subfield>
    <subfield code="a">R300</subfield>
  </datafield>
  <datafield tag="830" ind1=" " ind2=" ">
    <subfield code="9">52658</subfield>
    <subfield code="a">IRALE (2011-2012 ikasturtea)</subfield>
  </datafield>
  <datafield tag="856" ind1=" " ind2=" ">
    <subfield code="u">https://irale.hezkuntza.net/eu/</subfield>
    <subfield code="z"> Argitaletxearen webgunea</subfield>
  </datafield>
  <datafield tag="856" ind1=" " ind2=" ">
    <subfield code="u">https://eima.orex.es/cgi-bin/koha/opac-retrieve-file.pl?id=bc11e066e7ee84fc98c4a73fd3cbd84b</subfield>
    <subfield code="z">Deskargatu bideoa</subfield>
    <subfield code="q">video/webm</subfield>
  </datafield>
  <datafield tag="856" ind1=" " ind2=" ">
    <subfield code="u">https://eima.orex.es/objetos/DOLUA%20NOLA%20LANDU%20HAUR%20HEZKUNTZAN.pdf</subfield>
    <subfield code="z">Joan material honetara</subfield>
  </datafield>
  <datafield tag="904" ind1=" " ind2=" ">
    <subfield code="a">Haur Hezkuntza (HH)</subfield>
    <subfield code="9">6993</subfield>
  </datafield>
  <datafield tag="904" ind1=" " ind2="0">
    <subfield code="a">Haur Hezkuntza (HH)</subfield>
    <subfield code="x">Doluaren trataera</subfield>
    <subfield code="9">41884</subfield>
  </datafield>
  <datafield tag="942" ind1=" " ind2=" ">
    <subfield code="c">S-1</subfield>
    <subfield code="2">ddc</subfield>
    <subfield code="n">0</subfield>
  </datafield>
  <datafield tag="955" ind1=" " ind2=" ">
    <subfield code="b">by-nc-sa</subfield>
  </datafield>
  <datafield tag="999" ind1=" " ind2=" ">
    <subfield code="c">16255</subfield>
    <subfield code="d">16255</subfield>
  </datafield>
  <datafield tag="952" ind1=" " ind2=" ">
    <subfield code="0">0</subfield>
    <subfield code="1">0</subfield>
    <subfield code="4">0</subfield>
    <subfield code="7">0</subfield>
    <subfield code="8">HH</subfield>
    <subfield code="a">EK</subfield>
    <subfield code="b">EK</subfield>
    <subfield code="d">2013-04-10</subfield>
    <subfield code="f">IRALE, R i</subfield>
    <subfield code="l">0</subfield>
    <subfield code="o">INTERNETEKO BALIABIDEA</subfield>
    <subfield code="p">EK13040632</subfield>
    <subfield code="r">2013-04-10</subfield>
    <subfield code="t">IRALE, R ikastaroetan sortutako materiala (R300, R400, R600)</subfield>
    <subfield code="w">2013-04-10</subfield>
    <subfield code="y">S-1</subfield>
  </datafield>
</record>
